| 000 | 01902nam a2200397 a 4500 | ||
|---|---|---|---|
| 005 | 20240507094050.0 | ||
| 008 | 100811t2003||||fr a f |||| 001 0 spa d | ||
| 020 | _a2914365136 | ||
| 041 | _aspa | ||
| 092 |
_c616.9 _l10 _sCAM |
||
| 100 | 1 |
_aCaminero Luna, José A. _93767 |
|
| 245 |
_aGuía de la tuberculosis para Médicos Especialistas / _cJosé A. Caminero Luna |
||
| 250 | _a1a ed. | ||
| 260 |
_aFrancia: _bUICTER - Unión Internacional Contra la Tuberculosis y Enfermedades Respiratorias; _c2003. |
||
| 300 | _a389 p. | ||
| 500 | _aCaminero Luna, J. A. (2003). Guía de tuberculosis para médicos especialistas. (1a ed.). Francia : UICTER. | ||
| 653 | _aJusticicación de la guía. La necesidad del trabajo conjutno de los programas de control de la tuberculosis con los médicos especialistas | ||
| 653 | _aImportancia de las acciones del médico especialista y de su adecuada integracion en las estrategias de un programa de control de la tuberculosis | ||
| 653 | _aBreves reseñas históricas sobre la tuberculosis | ||
| 653 | _aEpidemiología de la tuberculosis | ||
| 653 | _aPatogenia de la tuberculosis. Infección y enfermedad | ||
| 653 | _aDiagnóstico de la infección tuberculosa. Prueba de la tuberculina | ||
| 653 | _aDiagnóstico de la tuberculosis | ||
| 653 | _aMétodos no convencionales y nuevas técnicas en el diagnóstico de la tuberculosis | ||
| 653 | _aTratamiento de la tuberculosis | ||
| 653 | _aRetratamiento de la tuberculosis | ||
| 653 | _aResistencia de M. Tuberculosis a fármacos antituberculosos | ||
| 653 | _aControl de la tuberculosis | ||
| 653 | _aPrevención de la tuberculosis | ||
| 653 | _aTuberculosis infantil | ||
| 653 | _aTuberculosis en el paciente anciano | ||
| 653 | _aTuberculosis y SIDA | ||
| 653 | _aTuberculosis extrapulmonar | ||
| 653 | _aEnfermedades producidas por micobacterias ambientales | ||
| 942 |
_2ddc _cBK |
||
| 999 |
_c2180 _d2180 |
||